An integrated programme for commodities : the role of international commodity stocks (Record no. 77464)
[ view plain ]
| 000 -LEADER | |
|---|---|
| fixed length control field | 00851nam a2200157 a 4500 |
| 008 - FIXED-LENGTH DATA ELEMENTS--GENERAL INFORMATION | |
| fixed length control field | 091204s1974 ||||||||||||||||| || u |
| 050 ## - LIBRARY OF CONGRESS CALL NUMBER | |
| Classification number | UNCTAD(02) |
| 110 ## - MAIN ENTRY--CORPORATE NAME | |
| Corporate name or jurisdiction name as entry element | United Nations Conference on Trade and Development (UNCTAD) |
| 245 13 - TITLE STATEMENT | |
| Title | An integrated programme for commodities : the role of international commodity stocks |
| Statement of responsibility, etc. | by United Nations Conference on Trade and Development (UNCTAD) |
| 260 ## - PUBLICATION, DISTRIBUTION, ETC. | |
| Place of publication, distribution, etc. | Geneva: |
| Name of publisher, distributor, etc. | UNITED NATIONS |
| Date of publication, distribution, etc. | 1974 |
| 350 ## - | |
| -- | 0.00 |
| 650 ## - SUBJECT ADDED ENTRY--TOPICAL TERM | |
| Topical term or geographic name entry element | PRODUCE TRADE |
| 650 ## - SUBJECT ADDED ENTRY--TOPICAL TERM | |
| Topical term or geographic name entry element | COMMODITY FUTURES |
| 995 ## - | |
| -- | SPECIAL COLLECTIONS |
| -- | 0.00 |
| -- | 03004974 |
| -- | CBU-MAIN LIBRARY (Kitwe) |
| -- | 1 |
| -- | 0.00 |
| -- | UNCTAD(02)1974/ 1A |
| -- | 1 |
| -- | AVAILABLE |
| -- | Dec 4, 2009 |
| -- | 03004974 |
| -- | International Publications |
| 995 ## - | |
| -- | SPECIAL COLLECTIONS |
| -- | 0.00 |
| -- | 03004975 |
| -- | CBU-MAIN LIBRARY (Kitwe) |
| -- | 1 |
| -- | 0.00 |
| -- | UNCTAD(02)1974/ 1B |
| -- | 2 |
| -- | AVAILABLE |
| -- | Dec 4, 2009 |
| -- | 03004975 |
| -- | International Publications |
| 999 ## - | |
| -- | 77464 |
| -- | 77464 |
| Withdrawn status | Lost status | Source of classification or shelving scheme | Damaged status | Not for loan | Permanent Location | Current Location | Shelving location | Date acquired | Total Checkouts | Full call number | Barcode | Date last seen | Copy number | Price effective from | Koha item type |
|---|---|---|---|---|---|---|---|---|---|---|---|---|---|---|---|
| CBU-MAIN LIBRARY, KITWE. | CBU-MAIN LIBRARY, KITWE. | 04/27/2023 | UNCTAD(02)1974/1A | 03004974 | 04/27/2023 | 1 | 04/27/2023 | SPECIAL COLLECTION | |||||||
| CBU-MAIN LIBRARY, KITWE. | CBU-MAIN LIBRARY, KITWE. | 04/27/2023 | UNCTAD(02)1974/1B | 03004975 | 04/27/2023 | 2 | 04/27/2023 | SPECIAL COLLECTION |